| 000 | 00418nam a22001577a 4500 | ||
|---|---|---|---|
| 003 | OSt | ||
| 005 | 20170105103443.0 | ||
| 008 | 120507t xxu||||| |||| 00| 0 eng d | ||
| 020 | _a9780073050614 | ||
| 040 | _cASAB | ||
| 050 | _aSeventh Edition | ||
| 100 |
_aRicki Lewis _9239 |
||
| 245 | _aHuman Genetics Concepts and Applications | ||
| 650 |
_2Concepts and Applications _aConcepts and Applications _9240 |
||
| 942 |
_2lcc _cBK |
||
| 999 |
_c16522 _d16522 |
||